| 000 | 00652nam a2200229Ia 4500 | ||
|---|---|---|---|
| 005 | 20250508163908.0 | ||
| 008 | 008 250505s9999 xx 000 0 eng d | ||
| 020 | _a0-415-24068-9 | ||
| 037 | _aReference | ||
| 040 |
_aFEDL _beng _cFEDL |
||
| 041 |
_aeng _2eng |
||
| 084 |
_a371.102, BRU _qFEDL |
||
| 100 |
_aBrundrett Mark _9776696 |
||
| 245 | 0 | _aAchieving competence, success and excellence in teaching | |
| 260 |
_aLondon, UK _bRoutledge Falmer _c2002 |
||
| 300 | _aviii,183p | ||
| 365 |
_aGBP _b16.99 |
||
| 650 | _aTeaching | ||
| 700 |
_a Silcock Peter _9776697 |
||
| 942 |
_cREF _h371.102, BRU |
||
| 999 |
_c1385837 _d1385837 |
||